| 000 | 00694nam a2200157 a 4500 | ||
|---|---|---|---|
| 040 | _cDLC | ||
| 082 | 0 | 0 | _a621 IND 1983 C161 Or. |
| 245 | 0 | 0 |
_a1983 productivity and efficiency in heat processing : _ba seminar/workshop on new concepts in maximizing productivity and efficiency in heat processing / |
| 260 |
_aArlington, Va. : _bIndustrial Heating Equipment Association, _cc1983. |
||
| 300 |
_a1 v. (various pagings) : _bill. ; _c30 cm. |
||
| 500 | _aPapers presented at the first IHEA Energy Seminar, held at Chicago Marriott O'Hare, Oct. 3-4, 1983. | ||
| 650 | 0 | _aHeat engineering | |
| 710 | 2 | _aIndustrial Heating Equipment Association. | |
| 710 | 2 | _aAmerican Gas Association. | |
| 942 | _cAEDBB | ||
| 999 |
_c19102 _d19102 |
||